| 000 | 01148nam a2200349 a 4500 | ||
|---|---|---|---|
| 999 |
_c200451910 _d70122 |
||
| 001 | 200451910 | ||
| 003 | TR-AnTOB | ||
| 005 | 20230222120535.0 | ||
| 007 | ta | ||
| 008 | 170215s2021$$$$tu a jr01 $$$$jtur u | ||
| 020 | _a978-975-403-576-6 | ||
| 040 |
_aTR-AnTOB _beng _erda _cTR-AnTOB |
||
| 041 | 0 | _atur | |
| 092 |
_a523.7 _bMILg 2021 |
||
| 100 | 1 |
_aMilbourne, Anna. _eauthor |
|
| 240 | 1 | 0 | _aSunny day |
| 245 | 1 | 0 |
_aGüneşli bir gün / _cAnna Milbourne ; Resimleyen: Elena Temporin ; Çeviri: Tuba Akoğlu. |
| 250 | _a4. basım | ||
| 264 | 1 |
_aİstanbul : _bTÜBİTAK Popüler Bilim Kitapları, _c2021. |
|
| 300 |
_a[21] pages : _billustrations ; _c21 cm. |
||
| 336 |
_atext _btxt _2rdacontent |
||
| 337 |
_aunmediated _bn _2rdamedia |
||
| 338 |
_avolume _bnc _2rdacarrier |
||
| 490 | 1 |
_aTÜBİTAK Popüler Bilim Kitapları ; _v360. |
|
| 500 | _a"3+ yaş." --k. | ||
| 653 |
_aÇocuk edebiyatı _aÇocuk hikayeleri _aGökyüzü olayları _aGüneş |
||
| 700 | 1 |
_aTemporin, Elena, _eillustrator _d1970- _9140835 |
|
| 700 | 1 |
_aAkoğlu, Tuba _etranslator _9140840 |
|
| 942 |
_2ddc _cBK |
||